|
|
|
|
| LEADER |
01693cam a2200445 a 4500 |
| 001 |
nkc20142537407 |
| 003 |
CZ PrNK |
| 005 |
20140220152259.0 |
| 007 |
ta |
| 008 |
131113s2013 xr ach e 000 0 cze d |
| 015 |
|
|
|a cnb002537407
|
| 020 |
|
|
|a 978-80-87624-09-8
|q (brož.)
|
| 035 |
|
|
|a (OCoLC)870289661
|
| 040 |
|
|
|a ULG001
|b cze
|d OLA001
|d ABA001
|
| 043 |
|
|
|a e-xr---
|b e-xr-us
|2 czenas
|
| 045 |
|
|
|a x4x4
|
| 072 |
|
7 |
|a 94(437)
|x Dějiny Česka a Slovenska
|2 Konspekt
|9 8
|
| 080 |
|
|
|a 94(437.315)
|2 MRF
|
| 080 |
|
|
|a (0:82-96)
|2 MRF
|
| 080 |
|
|
|a (0:82-322.6)
|2 MRF
|
| 100 |
1 |
|
|a Roček, František,
|d 1955-
|7 xx0059683
|4 aut
|
| 245 |
1 |
0 |
|a Ústecký mír /
|c František Roček
|
| 250 |
|
|
|a Vyd. 1.
|
| 260 |
|
|
|a V Ústí nad Labem :
|b AOS,
|c 2013
|
| 300 |
|
|
|a 328 s. :
|b il., portréty, faksim. ;
|c 21 cm
|
| 500 |
|
|
|a Obálkový podnázev: na pozadí skutečných událostí, místo: chabařovický a ústecký soudní okres, srpen až prosinec 1945
|
| 648 |
|
7 |
|a 1945
|7 ch460654
|2 czenas
|
| 655 |
|
7 |
|a literatura faktu
|7 fd132773
|2 czenas
|
| 655 |
|
7 |
|a biografické příběhy
|7 fd131953
|2 czenas
|
| 655 |
|
9 |
|a non-fiction
|2 eczenas
|
| 655 |
|
9 |
|a biographical stories
|2 eczenas
|
| 651 |
|
7 |
|a Chabařovice (Česko : oblast)
|7 ge128913
|x dějiny
|y 1945
|2 czenas
|
| 651 |
|
7 |
|a Ústí nad Labem (Česko : oblast)
|7 ge131766
|x dějiny
|y 1945
|2 czenas
|
| 651 |
|
9 |
|a Chabařovice Region (Czechia)
|x history
|y 1945
|2 eczenas
|
| 651 |
|
9 |
|a Ústí nad Labem Region (Czechia)
|x history
|y 1945
|2 eczenas
|
| 910 |
2 |
|
|a BOA001
|b 2-1315.845
|
| 990 |
|
|
|a BK
|
| 995 |
|
|
|a 01
|
| 991 |
|
|
|b 201402
|c NOV
|e n
|
| 996 |
6 |
|
|b 2610576685
|c 2-1315.845
|l MZK
|r Sklad / do 1 hodiny
|n 0
|p p.v.
|w 001393906
|u 000010
|a 1
|e BOA001
|j MZK50
|s P
|